Cuadernos de Gibraltar

Detalles Bibliográficos
Formato: eBook
Lenguaje:español
Publicado: Cd̀iz: Universidad de Cd̀iz, 2015 -
Materias:
Acceso en línea:Acceso restringido

MARC

LEADER 00000nam a22000007a 4500
005 20200421170953.0
007 cr|||| ||||
008 200421c20159999es n|w s|||| 0|||b1spa d
035 |a 31334 
040 |a vLex 
090 |c 10318  |d 10318 
245 0 0 |a Cuadernos de Gibraltar  |h [Recurso electrn̤ico] / 
256 |a Servicio en ln̕ea 
260 |a Cd̀iz:  |b Universidad de Cd̀iz,  |c 2015 - 
300 |a 1 recurso electrn̤ico 
310 |a Irregular 
362 |a Nð 1 (Ene. 2015) - 
506 1 |a Disponible solo en los productos indicados  |d vLex Global  |d vLex Global (Academic Edition, excluding Law Schools)  |d vLex Global (U.S. Academic Edition, Law Schools)  |d vLex Global (U.S. Academic Edition, excluding Law Schools)  |d vLex Global (Academic Edition, Law Schools) 
650 0 4 |a Derecho Internacional  |z Espaą 
740 0 |a vLex Revistas (Servicio en ln̕ea) 
856 4 0 |u http://vlex.com/source/cuadernos-gibraltar-31334  |z Acceso restringido 
942 |c REV 
999 0 |a International right